00405nam a22001577a 450000500170000000800410001704000070005804100120006508200210007710000260009824500410012426000310016530000260019665000110022270000140023320221215163935.0221215b ||||| |||| 00| 0 eng d cAL aenglish 223a342.54bLOKK aLok Sabha Sachivalay  aJoint Parliamentary Committee Report aNew DelhibLok Sabhac2005 a120 p.bPBc29x21 cm. aReport aLOK SABHA